| 000 | 01545nmc a2200541 a 4500 | ||
|---|---|---|---|
| 003 | AR-Y00000XR | ||
| 005 | 20251128211951.0 | ||
| 008 | 137020s2007 ||||||||||||||000 | spa|| | ||
| 020 | _a978-950-557-691-3 | ||
| 040 | _cAR-Y00000XR | ||
| 245 | 1 | 0 | _aLa democracia en América Latina, un barco a la deriva |
| 250 | _a1ª ed. | ||
| 260 |
_aBuenos Aires _bFondo de Cultura Económica _c2007 |
||
| 300 | 0 | _a582 p. | |
| 490 | 0 | _aSección de obras de política y derecho | |
| 650 | 4 | _aSOCIOLOGIA POLITICA | |
| 650 | 4 | _aDEMOCRACIA | |
| 650 | 4 | _aHISTORIA LATINOAMERICANA | |
| 650 | 4 | _aPAISES EN DESARROLLO | |
| 650 | 4 | _aCAMBIO SOCIAL | |
| 650 | 4 | _aGOLPES DE ESTADO | |
| 650 | 4 | _aDESIGUALDAD SOCIAL | |
| 650 | 4 | _aDEMOCRATIZACION | |
| 651 | 4 | _aAmérica Latina | |
| 653 | 0 | _aGLOBALIZACION | |
| 653 | 0 | _aMERCOSUR | |
| 700 | 1 |
_aAnsaldi, Waldo _edirector |
|
| 700 | 1 | _aAlcàzar Garrido, Joan del | |
| 700 | 1 | _aBrito, Alejandra | |
| 700 | 1 | _aCaetano, Gerardo | |
| 700 | 1 | _aCarrera Damas, Germán | |
| 700 | 1 | _aCurzio, Leonardo | |
| 700 | 1 | _aFerrer, Aldo | |
| 700 | 1 | _aFontes, Virgínia | |
| 700 | 1 | _aGiordano, Verónica | |
| 700 | 1 | _aMazzei, Leonardo | |
| 700 | 1 | _aPaz y Miño Cepeda, Juan J. | |
| 700 | 1 | _aPucciarelli, Alfredo R. | |
| 700 | 1 | _aRilla, José | |
| 700 | 1 | _aRocha, Priscilla | |
| 700 | 1 | _aSala de Touron, Lucía | |
| 700 | 1 | _aSoler, Lorena | |
| 700 | 1 | _aTorres-Rivas, Edelberto | |
| 700 | 1 | _aVelasco, José Luis | |
| 700 | 1 | _aVivallos, Carlos | |
| 942 | _cBK | ||
| 998 | _cme-solo cat | ||
| 999 |
_c21832 _d21832 |
||